Catálogo público

Algebra lineal y sus aplicaciones / (Record no. 165491)

MARC details
000 -CABECERA
campo de control de longitud fija 00614nam a2200241Ia 4500
001 - NÚMERO DE CONTROL
campo de control Z_2437
008 - DATOS DE LONGITUD FIJA--INFORMACIÓN GENERAL
campo de control de longitud fija 220113s1982 xx 000 0 und d
010 ## - NÚMERO DE CONTROL DE LA BIBLIOTECA DEL CONGRESO
Número de control de LC 165491
082 ## - NÚMERO DE LA CLASIFICACIÓN DECIMAL DEWEY
Número de clasificación 512.5 S8y
100 ## - ENTRADA PRINCIPAL--NOMBRE DE PERSONA
Nombre de persona Strang, Gilbert
9 (RLIN) 109948
245 ## - MENCIÓN DE TÍTULO
Título Algebra lineal y sus aplicaciones /
Mención de responsabilidad, etc. por Gilbert Strang
260 ## - PUBLICACIÓN, DISTRIBUCIÓN, ETC.
Lugar de publicación, distribución, etc. México, D. F. :
Nombre del editor, distribuidor, etc. Fondo Educativo Interamericano,
Fecha de publicación, distribución, etc. 1982
300 ## - DESCRIPCIÓN FÍSICA
Extensión 454 p.
440 ## - MENCIÓN DE SERIE/PUNTO DE ACCESO ADICIONAL--TÍTULO
Título
500 ## - NOTA GENERAL
Nota general Trad. De : Linear algebra, 2 ed. De 1980
503 ## - NOTA DE HISTORIA BIBLIOGRÁFICA (BK CF MU) [OBSOLETO]
Nota de historia bibliográfica C/E
650 ## - PUNTO DE ACCESO ADICIONAL DE MATERIA--TÉRMINO DE MATERIA
Término de materia o nombre geográfico como elemento de entrada Algebra
9 (RLIN) 82391
901 ## - ELEMENTOS DE DATOS A LOCAL LDA (RLIN)
a 512.5 S8y
902 ## - ELEMENTOS DE DATOS B LOCAL, LDB (RLIN)
a A
910 ## - DATOS DE OPCIÓN DEL USUARIO (OCLC)
Datos de opción del usuario 1982
942 ## - ELEMENTOS DE PUNTO DE ACCESO ADICIONAL (KOHA)
Tipo de ítem Koha

No items available.